000
00322nam a22001337a 4500
008
170607b xxu||||| |||| 00| 0 eng d
020
_a
0822314932
041
_a
eng
080
_a
94(7/8)
100
_a
18
101
_a
SHH
245
_a
REVISIONARY INTERVENTIONS INTO THE AMERICANIST CANON
_c
PEASE,D.E
942
_2
udc
_c
BK
999
_c
16335
_d
16335